Normal view
MARC view
- طه،فرج عبد القادر
Entry Personal Name
001 - CONTROL NUMBER
- control field: 16759
003 - CONTROL NUMBER IDENTIFIER
- control field: JO-AjAnu
005 - DATE AND TIME OF LATEST TRANSACTION
- control field: 20230606072955.0
008 - FIXED-LENGTH DATA ELEMENTS
- fixed length control field: 230606|| aca||aabn | a|a d
040 ## - CATALOGING SOURCE
- Original cataloging agency: JO-AjAnu
- Transcribing agency: JO-AjAnu
100 ## - HEADING--PERSONAL NAME
- Personal name: طه،فرج عبد القادر
670 ## - SOURCE DATA FOUND
- Source citation: Work cat.: (JO-AjAnu)8606: طه،فرج عبد القادر, author, سيكولوجية الشخصية المعوقة للإنتاج :دراسة نظرية وميدانية في التوافق المهني والصحة النفسية